Las mujeres en la música
Uloženo v:
| Hlavní autoři: | , |
|---|---|
| Médium: | Kniha |
| Jazyk: | španělština |
| Vydáno: |
Madrid
Alianza
1995
|
| Edice: | Colección Alianza Música, 70
|
| Témata: | |
| Tagy: |
Přidat tag
Žádné tagy, Buďte první, kdo vytvoří štítek k tomuto záznamu!
|
MARC
| LEADER | 00000nam a2200000 a 4500 | ||
|---|---|---|---|
| 001 | UCQ8995 | ||
| 003 | CL-VaPUC | ||
| 005 | 20231031090121.0 | ||
| 008 | 981218e19950000SP |||||||||||||||||spa|d | ||
| 999 | |c 278157 |d 278155 | ||
| 020 | |a 8420685704 | ||
| 040 | |c Pontificia Universidad Católica de Valparaíso | ||
| 082 | 0 | 4 | |a 780.9 ADK 1995 |2 21 |
| 100 | 0 | |a Adkins Chiti, Patricia |e author |9 423376 | |
| 245 | 1 | 4 | |a Las mujeres en la música |
| 246 | 1 | 4 | |a Las compositoras españolas |
| 260 | |a Madrid |b Alianza |c 1995 | ||
| 300 | |a 455 p | ||
| 490 | 0 | |a Colección Alianza Música, 70 | |
| 583 | |a last modification |c 19981218 00:00:00 |k Rodrigo Vera | ||
| 650 | 0 | |a Música |9 306269 | |
| 650 | 0 | |a Mujeres |9 257649 | |
| 650 | 0 | |a Compositores |9 306451 | |
| 650 | 0 | |a Conciertos |9 306377 | |
| 651 | 0 | |a España |9 254926 | |
| 700 | 0 | |a Ozaita, María Luisa |e author |9 423377 | |
| 942 | |c BK |2 ddc | ||
| 945 | |d 19981218 00:00:00 |a aarredon | ||
| 952 | |0 0 |1 0 |4 0 |6 780_900000000000000_ADK_1995 |7 0 |8 A |9 316553 |a BIBEDU |b BIBEDU |d 2019-11-20 |i 3491013 |o 780.9 ADK 1995 |p 3491013 |r 2023-01-12 |w 2019-11-20 |y BK |k MUS | ||
| 952 | |0 0 |1 0 |4 0 |6 780_900000000000000_ADK_1995 |7 0 |8 A |9 316554 |a BIBEDU |b BIBEDU |d 2019-11-20 |i 411485K |o 780.9 ADK 1995 |p 411485K |r 2023-01-12 |w 2019-11-20 |y BK |k MUS | ||